Procesné riadenie vo verejnej správe a jeho softvérová podpora

Charakteristické znaky komerčných a verejných subjektov. Procesné riadenie - Business process management. Hlavné prínosy procesného riadenia. Softvérová podpora zavedenia procesného riadenia vo verejnej správe. Architektúra IS/IT orientovaná na služby - Service oriented architecture.

Enregistré dans:
Détails bibliographiques
Auteur principal: Hamranová, Anna, 1957-
Format: Chapitre de livre
Langue:slovaque
Sujets:
Tags: Ajouter un tag
Pas de tags, Soyez le premier à ajouter un tag!

MARC

LEADER 00000naa$a2200000$$$4500
001 0114077
005 20240502072253.4
041 0 |a slo 
044 |a SK 
245 1 0 |a Procesné riadenie vo verejnej správe a jeho softvérová podpora  |c Anna Hamranová 
520 |a Charakteristické znaky komerčných a verejných subjektov. Procesné riadenie - Business process management. Hlavné prínosy procesného riadenia. Softvérová podpora zavedenia procesného riadenia vo verejnej správe. Architektúra IS/IT orientovaná na služby - Service oriented architecture. 
610 2 0 |a systémy informačné organizácií 
610 2 0 |a softvér 
610 2 0 |a správa verejná 
610 2 0 |a riadenie procesné 
610 2 0 |a služby 
100 1 |a Hamranová, Anna, 1957-